|
|
|
|
| LEADER |
01184nam a22002417a 4500 |
| 001 |
31538 |
| 003 |
BD-DhAAL |
| 005 |
20231224094158.0 |
| 008 |
170130s20122008bg a|||| |||| 00| 0 ben d |
| 020 |
|
|
|a 9789848765913
|
| 040 |
|
|
|a BD-DhAAL
|c BD-DhAAL
|
| 082 |
|
|
|2 23
|a 324.95492051
|
| 245 |
|
|
|a নবম জাতীয় সংসদ নির্বাচন ২০০৮ :
|b অংশগ্রহনকারীদের প্রার্থীদের তথ্যাবলী /
|c সম্পাদক ড.বদিউল আলম মজুমদার.
|
| 260 |
|
|
|a ঢাকা :
|b প্রথমা প্রকাশন ;
|b সুজন,
|c ২০০৮.
|
| 300 |
|
|
|a ৭০০ পৃষ্ঠা :
|b চিত্র ;
|c ২৮ সে.মি.
|
| 526 |
|
|
|a AAL
|
| 541 |
|
|
|e 31538
|
| 650 |
|
|
|a Bangladesh. Jātīẏa Saṃsada
|x Elections, 2008
|9 20987
|
| 700 |
|
|
|a বদিউল আলম মজুমদার
|9 20988
|
| 852 |
|
|
|a Ayesha Abed Library
|
| 942 |
|
|
|2 ddc
|c BK
|
| 999 |
|
|
|c 37959
|d 37959
|
| 952 |
|
|
|0 0
|1 0
|2 ddc
|4 0
|6 324_954920510000000_NOB
|7 0
|9 59978
|a BRACUL
|b BRACUL
|c REF
|d 2017-01-30
|e BRAC University VC office
|l 0
|o 324.95492051 NOB
|p 3010031538
|r 2017-01-30
|t 1
|w 2017-01-30
|y BK
|